Departamentos de Guatemala (con un mapa) - Estadísticas

Estadísticas generales
  • Esta prueba ha sido intentada 524 veces
    521 desde el último reinicio
  • La puntuación promedio es 10 de 22
Respuestas en el mapa
Las respuestas están codificadas por una escala verde-roja en el mapa de la prueba según el % correcto abajo.
 
Estadísticas de respuestas
Departamento % Correcto
Guatemala
97%
Petén
63%
Alta Verapaz
56%
Baja Verapaz
55%
Quetzaltenango
54%
Huehuetenango
51%
Izabal
51%
San Marcos
50%
Quiche
46%
Santa Rosa
45%
Escuintla
43%
Zacapa
43%
Jalapa
42%
Jutiapa
42%
El Progreso
41%
Sacatepéquez
40%
Chiquimula
39%
Sololá
39%
Suchitepéquez
39%
Chimaltenango
36%
Totonicapán
36%
Retalhuleu
31%
No se encontraron pruebas coincidentes
Distribución de puntuación
Porcentaje de gente con cada puntuación
Porcentaje por número respondido
Historial de tus puntuaciones
No has intentado esta prueba desde el último reinicio